Kamenná industria z okolia Prešova

Bibliographic Details
Main Author: Tomášová, Božena, 1959- (Author)
Format: Article
Language:Slovak
PhysicalDescription:Fotogr., mp., obr., tab.
ISBN:8088709369
Subjects:

MARC

LEADER 00000nab a2200000 a 4500
001 vtls000768939
003 SK-MaSNL
005 20260305041441.0
008 250429c1998 xo 0 slo
015 |a SNBRA2001/09-26275 
035 |a CLN000120726 
035 |a urn:nbn:sk:snk-abmcg 
035 |a (urnnbn)urn:nbn:sk:snk:ar-a04e76 
035 |a (uuid)8b4fdfe4-4eb5-4fc6-bdc5-49951a2353d0 
040 |a SNKBUCL  |b slo  |c SNKBUCL  |e AACR2 
041 0 |a slo 
044 |a xo  |c SK 
080 |a 903.21(437.6)"636"  |2 1997 
100 1 |a Tomášová, Božena,  |d 1959-  |4 aut  |9 7745 
245 1 0 |a Kamenná industria z okolia Prešova  |c Božena Tomášová 
300 |b Fotogr., mp., obr., tab. 
504 |a Res. nem. 
504 |a Bibliogr. odkazy 
650 0 7 |a industria kamenná  |y eneolit  |z Jakubová Vôľa (Slovensko)  |z Prešov (Slovensko)  |z Proč (Slovensko)  |2 snkbucl  |9 1622004 
650 0 7 |a archeologické nálezy  |2 SNKPH  |9 4975 
651 7 |a Sabinov (Slovensko : okres)  |2 snkbucl  |9 29014 
651 7 |a Jakubova Voľa (Slovensko)  |2 snkbucl  |9 70902 
651 7 |a Prešov (Slovensko)  |2 snkbucl  |9 17347 
651 7 |a Proč (Slovensko)  |2 snkbucl  |9 202447 
655 7 |a články zo zborníkov  |2 snkbucl  |9 166140 
773 0 |t Archeologické výskumy a nálezy na Slovensku v roku 1996  |d Nitra : Archeologický ústav Slovenskej akadémie vied, 1998  |g S. 158  |z 8088709369 
850 |a Slovenská národná knižnica 
852 |a Slovenská národná knižnica 
954 |a odborná, vedecká literatúra pôvodná (slovenská)  |2 lita 
958 |a article27 
958 |a NB 
958 |a SK 
958 |a OND 
958 |a EUIPO 
999 |c 3343749  |d 3345679